000 00880nas a2200265 4500
001 BR0102346
003 BR-BrBNA
005 20231205103432.0
007 ta
008 230509b bl.|||p| |||| 00| 00por d
040 _aBR-BrBNA
_bpor
_cBiblioteca Nacional de Agricultura
041 _a(Pt)
072 _aC10; U10
100 1 _aVeiga, R.D.
100 1 _aMuniz, J.A.
100 1 _aClaro, D.P.
245 1 _aAnálise de fatores aplicada em variáveis socio-econômicas, desempenho acadêmico no vestibular e disciplinas do curso de engenharia agronômica
650 _aANÁLISE ESTATÍSTICA
650 _aMÉTODO ESTATÍSTICO
650 _aEDUCAÇÃO AGRÍCOLA
650 _aPARCELA
773 0 _tCiência e Agrotecnologia (Brazil)
_xISSN 1413-7054
_g(Oct-Dec 1998), v. 22(4) p. 411-418
_wBR0102346
909 _a202311
_bLúcia
_c55
_dLúcia Elande
942 _2AGRIS
_n0
_cANA
999 _c172838
_d172838